000 00666nam a2200301Ia 4500
005 20260127113005.0
008 008 260114s9999 xx 000 0 eng d
020 _a745614914
037 _aTextbook
040 _aPSDL
040 _beng
040 _cPSDL
041 _2eng
041 _aeng
084 _aY15 P2
084 _qPSDL
100 _aRai, Shirin M
_91108759
245 0 _aGender and the Political Economy of Development
245 0 _cRai, Shirin M
260 _aUSA
260 _bBlackwell
260 _c2002
300 _a264p.
942 _cTB
942 _hY15 P2
999 _c1674135
_d1674135